Todos los equipos que jugaron la Primera División Argentina - Estadísticas

Estadísticas generales
  • Esta prueba ha sido intentada 64 veces
    23 desde el último reinicio
  • La puntuación promedio es 54 de 76
Estadísticas de respuestas
Debut Equipo % Correcto
1913 Boca Juniors
100%
2024 Indepediente Rivadavia
100%
1912 Independiente
100%
1911 Racing
100%
1982 Racing (Córdoba)
100%
1909 River Plate
100%
1980 Talleres (Córdoba)
100%
1926 Talleres (Remedios)
100%
1897 Banfield
94%
1991/92 Belgrano
94%
1914 Huracan
94%
1996/97 Huracán Corrientes
94%
2004/05 Huracán (Tres Arroyos)
94%
1939 Newells Old Boys
94%
2015 Aldosivi
88%
1906 Argentino de Quilmes
88%
2014 Defensa y Justicia
88%
2024 Deportivo Riestra
88%
1904 Estudiantes de Caseros
88%
1912 Estudiantes de la Plata
88%
1910 Gimnasia y Esgrima (Bs As)
88%
1916 Gimnasia y Esgrima de la Plata
88%
1994/95 Gimnasia y Esgrima (Jujuy)
88%
2006/07 Godoy Cruz
88%
2016 Patronato
88%
1913 Platense
88%
1939 Rosario Central
88%
1915 San Lorenzo
88%
1919 Vélez Sarsfield
88%
2002/03 Arsenal
82%
1920 Barracas Central
82%
2019/20 Central Córdoba
82%
1958 Central Córdoba (Rosario)
82%
1966 Colón
82%
1913 Ferrocarril Gran Sud
82%
1913 Ferro Carril Oeste
82%
1920 Lanús
82%
1900 Quilmes
82%
2007/08 San Martin (San Juan)
82%
1988/89 San Martín (Túcuman)
82%
1981 Sarmiento
82%
1967 Unión
82%
2009/10 Atlético Tucumán
76%
1925 Chacarita Juniors
76%
1981 Instituto
76%
1922 Argentinos Juniors
71%
2003/04 Atlético Rafaela
71%
1920 Nueva Chicago
71%
1919 Almagro
65%
1912 Atlanta
65%
1989/90 Chaco For Ever
65%
2015 Crucero Del Norte
65%
1967 Deportivo Español
65%
1969 Deportivo Morón
65%
1913 Tigre
65%
1923 All Boys
59%
1961 Los Andes
59%
2002/03 Olimpo
59%
2005/06 Tiro Federal
59%
1915 Defensores de Belgrano
53%
1923 Temperley
53%
1987/88 Deportivo Armenio
47%
1920 Colegiales
41%
1988/89 Deportivo Mandiyú
41%
1922 Dock Sud
41%
1976 San Telmo
41%
1925 Excursionistas
35%
1986/87 Sportivo Italiano
35%
1921 El Porvenir
24%
1993/94 Gimnasia y Tiro
24%
1913 Riachuelo
18%
1906 San Isidro
18%
1912 Kimberley
12%
1915 Palermo Athletic
12%
1933 Acassuso
6%
1913 Olivos
0%
No se encontraron pruebas coincidentes
Distribución de puntuación
Porcentaje de gente con cada puntuación
Porcentaje por número respondido
Historial de tus puntuaciones
No has intentado esta prueba desde el último reinicio